000 01040nam a2200253Ia 4500
999 _c51412
_d51412
001 18397
003 GE_BSU
005 20230927153336.0
008 181216s2011||||ge |||||||||||||| ||geo||
020 _a9789941172281
040 _cGE_BSU
041 _ageo
080 _a070(042.4):77 ც-74
100 _aცისკარიშვილი, ოლიკო
_919934
245 _aფოტოჟურნალისტიკის საწყისები :
_bლექციების კურსი /
_cოლიკო ცისკარიშვილი; მთავ. რედ. დ.ტყებუჩავა.
264 _aთბილისი :
_bუნივერსალი,
_c2011.
300 _a246 გვ.;
_bილ.;
_c20 სმ.
504 _aბიბლ.გვ.242
541 _h40ლ.
653 _aმედია, ჟურნალისტიკა
653 _aფოტოგრაფია
700 _aტყებუჩავა, დ.
_eრედაქტორი
_919935
942 _cBK
_2udc